000
00204 a2200097 4500
001
45340
100
_a
A Yusuf Ali
245
_a
The holy Quran
260
_a
Lahore
_b
S M Ashraf
_c
090
_c
28508
_d
28508
942
_a
NUST-CAE
_c
M
_c
20567
999
_c
280413
_d
280413